000 02435nam a2200397 i 4500
999 _c5391
_d5391
001 on1457238629
003 OCoLC
005 20250910085343.0
008 250404s2025 nyu d 000 1 eng d
020 _a9780008650629
040 _aDLC
_beng
_erda
_cDLC
_dOCLCO
_dIG#
_dCHILD
_dOCLCO
_dFM0
_dOCLCO
_dLJW
_dOJ4
_dOQX
_dCNCAR
_dDEERP
_dVP@
_dCaOL
_dKH8
082 _aFIC CIC
100 1 _aCiccarelli, Kristen,
_eauthor.
245 1 0 _aRebel witch /
_cKristen Ciccarelli.
250 _aFirst edition.
264 1 _aNew York :
_bWednesday Books,
_c2025.
264 4 _c©2025.
300 _a458 pages ;
_c22 cm.
336 _atext
_btxt
_2rdacontent.
337 _aunmediated
_bn
_2rdamedia.
338 _avolume
_bnc
_2rdacarrier.
490 1 _aCrimson moth series ;
_vbook two.
520 _aA WITCH... Rune Winters is on the run. Ever since the boy she loved, Gideon Sharpe, revealed who she was and delivered her into enemy hands, everyone wants her dead. If Rune hopes to survive, she must ally herself with the cruel and dangerous Cressida Roseblood, who’s planning to take back the Republic and reinstate a Reign of Witches—something Cressida needs Rune to accomplish. A WITCH HUNTER... Apparently it wasn’t enough for Rune to deceive Gideon; she’s now betrayed him by allying herself with the witch who made his life a living hell. Gideon won’t allow the Republic to fall to the witches and be plunged back into the nightmares of the past. In order to protect this new world he fought for, every last witch must die—especially Rune Winters. AN IMPOSSIBLE CHOICE... When Rune makes Gideon an offer he can’t refuse, the two must pair up to accomplish dangerous goals. The more they’re forced into each other’s company, the more Gideon realizes the feelings he had for Rune aren’t as dead and buried as he thought. Now he’s faced with a terrible choice: sacrifice the girl he loves to stop a monster taking back power, or let Rune live and watch the world he fought so hard for burn.
650 0 _aWitches
_vFiction.
650 0 _aWitch hunting
_vFiction.
650 0 _aVigilantes
_vFiction.
650 0 _aChoice (Psychology)
_vFiction.
650 0 _aBetrayal
_vFiction.
650 0 _aAlliances
_vFiction.
650 0 _aSurvival
_vFiction.
650 0 _aMagic
_vFiction.
650 0 _aFantasy fiction.
_2genre.
650 0 _aRomance fiction.
_2genre.
830 0 _aCrimson moth ;
_vbk. 2.
942 _2ddc
_cFIC